[Event "exe Slovakia Open 2025"]
[Site "Bratislava SVK"]
[Date "2025.09.15"]
[Round "3.36"]
[White "Krupa, Andrej"]
[Black "Boesel, Alexander"]
[Result "1/2-1/2"]
[WhiteElo "1870"]
[BlackElo "2054"]
[WhiteFideId "73619876"]
[BlackFideId "4623185"]
[EventDate "2025.09.13"]

1. e4 c6 2. d4 d5 3. exd5 cxd5 4. c4 Nf6 5. Nc3 Bg4 6. Qb3 e6 7. h3 Bf5 8. Nf3
dxc4 9. Bxc4 Be7 10. O-O O-O 11. Bf4 Nc6 12. Qd1 Nb4 13. a3 Nbd5 14. Be5 Rc8 15.
Qb3 Nxc3 16. bxc3 Nd5 17. Rfc1 a6 18. Be2 b5 19. c4 bxc4 20. Bxc4 Qa5 21. Qb7
Bf6 22. Qxa6 Ra8 23. Qxa5 Rxa5 24. Bxd5 Rxd5 25. Rc5 Be7 26. Rxd5 exd5 27. a4
Bd3 28. a5 Ba6 29. Bc7 Rc8 30. Bb6 f6 31. Nd2 Rc3 32. Rb1 Ra3 33. Nb3 Bd3 34.
Rb2 Bc4 35. Nc5 Bd6 36. g3 Ra1+ 37. Kg2 Kf7 38. Rb4 Ke8 39. g4 Bxc5 40. Bxc5
Rxa5 41. Rb7 Bd3 42. Re7+ Kd8 43. Re3 Be4+ 44. f3 Ra2+ 45. Kg3 h6 1/2-1/2

[Event "exe Slovakia Open 2025"]
[Site "Bratislava SVK"]
[Date "2025.09.15"]
[Round "3.37"]
[White "Levytskyi, Liubomyr"]
[Black "Galla, Richard"]
[Result "1/2-1/2"]
[WhiteElo "1854"]
[BlackElo "2035"]
[WhiteFideId "34132155"]
[BlackFideId "14948672"]
[EventDate "2025.09.13"]

1. e4 c5 2. Nf3 Nc6 3. d4 cxd4 4. Nxd4 e5 5. Nb5 Nf6 6. Bg5 d6 7. Nd2 a6 8. Nc3
Be6 9. Nd5 Bxd5 10. exd5 Nb8 11. a4 Be7 12. Bxf6 Bxf6 13. Nc4 Be7 14. g3 O-O 15.
a5 Nd7 16. b4 f5 17. Be2 Qe8 18. O-O Qf7 19. Ra3 Rac8 20. Kh1 g6 21. f4 exf4 22.
gxf4 Rc7 23. Rg3 Nf6 24. Nb6 Ne4 25. Re3 Bd8 26. Bf3 Rc3 27. Rxc3 Nxc3 28. Qd3
Bxb6 29. Qxc3 Bd8 30. Re1 Re8 31. Re6 Be7 32. Qe3 Kf8 33. Be2 Bh4 34. Bc4 Bf6
35. h3 Kg7 36. Kh2 Kh6 37. h4 Kg7 38. Qg3 h6 1/2-1/2

[Event "exe Slovakia Open 2025"]
[Site "Bratislava SVK"]
[Date "2025.09.15"]
[Round "3.38"]
[White "Slaba, Andrea"]
[Black "Kovacik, Oliver"]
[Result "1/2-1/2"]
[WhiteElo "2021"]
[BlackElo "1880"]
[WhiteFideId "14940680"]
[BlackFideId "2321963"]
[EventDate "2025.09.13"]

1. d4 Nf6 2. Nc3 e6 3. g3 c5 4. dxc5 Bxc5 5. Ne4 Qc7 6. Nxc5 Qxc5 7. c3 b6 8.
Bg2 Nc6 9. Nf3 d5 10. O-O O-O 11. Be3 Qd6 12. Nd4 Nxd4 13. Qxd4 e5 14. Qd2 Bf5
15. f3 Rad8 16. Rfd1 Rd7 17. Bf2 Rfd8 18. Qe1 Qe6 19. Be3 h5 20. Bg5 d4 21. e4
dxe3 22. Rxd7 Rxd7 23. Bxe3 Qd5 24. Qe2 Qd3 25. Qxd3 Rxd3 26. Re1 Nd5 27. Bc1 f6
28. Kf2 Nc7 29. Bf1 Rd7 30. Be2 Ne6 31. Be3 Nc7 32. f4 g6 33. fxe5 fxe5 34. Rd1
Rxd1 35. Bxd1 Kf7 36. c4 Na6 37. a3 Ke6 38. b4 Kd6 39. Be2 Nc7 40. c5+ Kc6 41.
cxb6 axb6 42. a4 Nd5 43. Bd2 Nf6 44. Bb5+ Kb7 45. a5 Ng4+ 46. Kg1 e4 47. Bf4 Nf6
48. Bc4 bxa5 49. bxa5 Bd7 50. Be5 Ng4 51. a6+ Ka8 52. Bd4 Bc6 53. h3 Nh6 54. Be5
Nf5 55. Kf2 g5 56. Be6 e3+ 57. Ke1 Ne7 58. Bf6 Nd5 59. Bxg5 Nb4 60. Bxe3 Nxa6
61. Kf2 Nb4 62. Bf7 Nd3+ 63. Kg1 Bf3 64. Bf4 Bd1 65. Bd5+ Ka7 66. Kf1 Kb6 67.
Kg1 Kc5 68. Be4 Kd4 69. Kf1 Kc5 70. Bg5 Kd6 71. Bf5 1/2-1/2

[Event "exe Slovakia Open 2025"]
[Site "Bratislava SVK"]
[Date "2025.09.15"]
[Round "3.39"]
[White "Jancura, Andrej"]
[Black "Herka, Jakub"]
[Result "0-1"]
[WhiteElo "1852"]
[BlackElo "1992"]
[WhiteFideId "14923629"]
[BlackFideId "21023743"]
[EventDate "2025.09.13"]

1. d4 Nf6 2. c4 e6 3. Nf3 d5 4. g3 Be7 5. Bg2 O-O 6. O-O dxc4 7. Ne5 Nc6 8. Nxc6
bxc6 9. Bxc6 Rb8 10. e3 Nd5 11. Nc3 Rb6 12. Ba4 c5 13. e4 Nb4 14. dxc5 Bxc5 15.
Be3 Bxe3 16. fxe3 Qg5 17. Qf3 Nd3 18. b3 Qe5 19. Ne2 Bb7 20. Nf4 Nb2 21. Rac1
Bxe4 22. Qe2 Nxa4 23. bxa4 g5 24. Nh5 Rb2 0-1

[Event "exe Slovakia Open 2025"]
[Site "Bratislava SVK"]
[Date "2025.09.15"]
[Round "3.40"]
[White "Maciejewski, Kamil"]
[Black "Simon, Peter"]
[Result "1/2-1/2"]
[WhiteElo "2018"]
[BlackElo "1871"]
[WhiteFideId "21805768"]
[BlackFideId "14995948"]
[EventDate "2025.09.13"]

1. b3 g6 2. Bb2 Nf6 3. g3 Bg7 4. Bg2 O-O 5. Nf3 d5 6. c4 c6 7. O-O Bg4 8. h3
Bxf3 9. Bxf3 Qb6 10. cxd5 cxd5 11. Nc3 e6 12. Na4 Qd6 13. d3 Nc6 14. e4 d4 15.
Bc1 Rfc8 16. Nb2 e5 17. Nc4 Qe6 18. Kh2 b5 19. Na3 a6 20. Bd2 Bf8 21. Nc2 Rc7
22. Qe2 Rac8 23. Rfc1 Na7 24. Qd1 Nc6 25. Rab1 b4 26. Ne1 a5 27. Rc4 Na7 28.
Rbc1 Bc5 29. a3 bxa3 30. Bxa5 Rc6 31. Nc2 Nb5 32. Bb4 Bxb4 33. Nxb4 Rxc4 34.
bxc4 Nc3 35. Qb3 Ra8 36. Ra1 a2 37. Nxa2 Qa6 38. Bd1 1/2-1/2

[Event "exe Slovakia Open 2025"]
[Site "Bratislava SVK"]
[Date "2025.09.15"]
[Round "3.43"]
[White "Hitka, Dominik"]
[Black "Guba, Peter"]
[Result "1-0"]
[WhiteElo "2008"]
[BlackElo "1852"]
[WhiteFideId "14981106"]
[BlackFideId "14970511"]
[EventDate "2025.09.13"]

1. e4 e6 2. d4 c5 3. c3 d5 4. e5 Bd7 5. Nf3 Nc6 6. Be2 Qb6 7. O-O h6 8. h4 a5 9.
dxc5 Bxc5 10. a4 Nge7 11. Bd3 O-O-O 12. Qc2 f6 13. Bf4 g5 14. exf6 gxf4 15. fxe7
Bxe7 16. Bb5 Bf6 17. Re1 Rhg8 18. Nbd2 Rde8 19. Qh7 Rg7 20. Qxh6 Reg8 21. Bf1
Rg6 22. Qxf4 e5 23. Qe3 Qc7 24. Ng5 Bxg5 25. hxg5 Rxg5 26. Nf3 Rh5 27. g3 e4 28.
Nd4 Ne5 29. Bg2 Nd3 30. Re2 Rhg5 31. Nb5 Bxb5 32. axb5 b6 33. Rd2 Nc5 34. Ra3 a4
35. Rd4 Kb7 36. c4 dxc4 37. Rxc4 Qe5 38. Bxe4+ Kb8 39. Bc6 Qxb2 40. Rcc3 Qb1+
41. Kg2 Qh7 42. Rxc5 bxc5 43. Rxa4 Rxg3+ 44. fxg3 Qc2+ 45. Kf3 Rf8+ 46. Rf4 Qd1+
47. Kg2 Qc2+ 48. Qf2 Qxf2+ 49. Kxf2 Rd8 50. Rc4 Rd2+ 51. Ke3 Rb2 52. Rxc5 Kc7
53. Rc3 Rb4 54. Kf3 Kd6 55. Re3 1-0

[Event "exe Slovakia Open 2025"]
[Site "Bratislava SVK"]
[Date "2025.09.15"]
[Round "3.45"]
[White "Haasova, Timea"]
[Black "Prochazka, Michal"]
[Result "1-0"]
[WhiteElo "2002"]
[BlackElo "1764"]
[WhiteFideId "14960109"]
[BlackFideId "14975777"]
[EventDate "2025.09.13"]

1. e4 c5 2. Nf3 d6 3. d4 cxd4 4. Nxd4 Nf6 5. Nc3 g6 6. Be3 Nc6 7. f3 Bd7 8. g4
Rc8 9. Qd2 Bg7 10. O-O-O O-O 11. h4 h5 12. gxh5 Nxh5 13. Rg1 Ne5 14. f4 Rxc3 15.
Qxc3 Nf3 16. Rg2 Nxh4 17. Rf2 Nf6 18. Qd3 Ng4 19. Rfd2 Qb6 20. Be2 Ng2 21. Bxg4
Nxe3 22. Bxd7 Nxd1 23. Rxd1 Rd8 24. Ba4 e5 25. Ne2 exf4 26. Bb3 a5 27. Qc4 Rd7
28. Kb1 Rc7 29. Qa4 f3 30. Nf4 Rc8 31. Qd7 1-0

[Event "exe Slovakia Open 2025"]
[Site "Bratislava SVK"]
[Date "2025.09.15"]
[Round "3.46"]
[White "Hasala, Richard"]
[Black "Jursa, Juraj"]
[Result "1-0"]
[WhiteElo "1996"]
[BlackElo "1756"]
[WhiteFideId "14969157"]
[BlackFideId "73619256"]
[EventDate "2025.09.13"]

1. e4 c5 2. c4 Nc6 3. Ne2 g6 4. d4 cxd4 5. Nxd4 Bg7 6. Be3 Nf6 7. Nc3 d6 8. Be2
O-O 9. O-O Bd7 10. Rc1 Nxd4 11. Bxd4 Bc6 12. f3 a5 13. Qd2 Nd7 14. Bxg7 Kxg7 15.
f4 Rb8 16. Kh1 Nc5 17. Qd4+ Kg8 18. Rcd1 Ne6 19. Qe3 Nc7 20. c5 d5 21. exd5 Nxd5
22. Nxd5 Bxd5 23. f5 gxf5 24. Bf3 e6 25. Bxd5 exd5 26. Rxf5 Qh4 27. Rfxd5 Rbe8
28. Re5 Rxe5 29. Qxe5 Qg4 30. Rd4 Qg6 31. h3 f5 32. Rd6 Qg5 33. Rd3 Qc1+ 34. Kh2
f4 35. Rd7 Rf7 36. Qg5+ Kf8 37. Rd8# 1-0

[Event "exe Slovakia Open 2025"]
[Site "Bratislava SVK"]
[Date "2025.09.15"]
[Round "3.47"]
[White "Kolman, Richard"]
[Black "Chmurny, Richard"]
[Result "1/2-1/2"]
[WhiteElo "1982"]
[BlackElo "1689"]
[WhiteFideId "14904993"]
[BlackFideId "14989581"]
[EventDate "2025.09.13"]

1. e4 c5 2. Nf3 Nc6 3. d3 d6 4. g3 g6 5. Bg2 Bg7 6. O-O Nf6 7. Nbd2 O-O 8. Re1
Qc7 9. Qe2 e5 10. a4 Nd4 11. Nxd4 cxd4 12. Nc4 Be6 13. b3 a6 14. a5 Nd7 15. f4
Rac8 16. fxe5 dxe5 17. Ba3 Nc5 18. Bb4 Bxc4 19. bxc4 Rb8 20. Bh3 Qc6 21. Qd2 b5
22. axb6 Rxb6 23. Ra5 Nb7 24. Bxf8 Bxf8 25. Rxe5 Bb4 26. Qf2 Bxe1 27. Qxe1 Qa4
28. Qc1 Kg7 29. Bf1 Qa2 30. Rd5 Rb2 31. Qf4 Qa4 32. Qe5+ Kh6 33. Qg5+ Kg7 34.
Qe5+ Kh6 35. Qf4+ Kg7 36. Qe5+ 1/2-1/2

[Event "exe Slovakia Open 2025"]
[Site "Bratislava SVK"]
[Date "2025.09.15"]
[Round "3.48"]
[White "Staub, Tom"]
[Black "Eichler, Alexander"]
[Result "1/2-1/2"]
[WhiteElo "1772"]
[BlackElo "1976"]
[WhiteFideId "34674713"]
[BlackFideId "12935921"]
[EventDate "2025.09.13"]

1. e4 c5 2. Nf3 Nc6 3. Bb5 g6 4. O-O Bg7 5. c3 Nf6 6. Re1 O-O 7. d4 d5 8. e5 Ne4
9. h3 Qb6 10. Ba4 cxd4 11. cxd4 f6 12. Bb3 e6 13. exf6 Bxf6 14. Nc3 Bxd4 15.
Nxe4 dxe4 16. Nxd4 Qxd4 17. Qxd4 1/2-1/2

[Event "exe Slovakia Open 2025"]
[Site "Bratislava SVK"]
[Date "2025.09.15"]
[Round "3.49"]
[White "Osvald, David"]
[Black "Matejka, Simon"]
[Result "1/2-1/2"]
[WhiteElo "1815"]
[BlackElo "1950"]
[WhiteFideId "14974398"]
[BlackFideId "14974541"]
[EventDate "2025.09.13"]

1. e4 c5 2. Nf3 d6 3. Bb5+ Bd7 4. Bxd7+ Qxd7 5. O-O Nc6 6. c3 d5 7. exd5 Qxd5 8.
d4 e6 9. Be3 cxd4 10. cxd4 Nf6 11. Nc3 Qd6 12. Qe2 Be7 13. Rad1 O-O 14. Rfe1 Nb4
15. Ne5 Nbd5 16. Rd3 Rac8 17. Bg5 Nxc3 18. bxc3 Nd5 19. Bd2 f6 20. Nf3 Rc6 21.
Rb1 1/2-1/2

[Event "exe Slovakia Open 2025"]
[Site "Bratislava SVK"]
[Date "2025.09.15"]
[Round "3.50"]
[White "Shlaen, Rem"]
[Black "Kebbedies, Frank"]
[Result "1-0"]
[WhiteElo "1995"]
[BlackElo "1823"]
[WhiteFideId "2812932"]
[BlackFideId "24606944"]
[EventDate "2025.09.13"]

1. e4 e6 2. d4 d5 3. e5 c5 4. c3 Qb6 5. Nf3 Nc6 6. Bd3 cxd4 7. O-O Bd7 8. Re1
Nge7 9. h4 a6 10. h5 h6 11. a3 Nf5 12. Bxf5 exf5 13. cxd4 Be7 14. Nc3 Be6 15. b4
O-O 16. Be3 Rfc8 17. Na4 Qd8 18. Nc5 b6 19. Nd3 Qf8 20. Nf4 Rc7 21. Qb3 Qd8 22.
Rec1 Rac8 23. Qd3 Nb8 24. Rxc7 Rxc7 25. Rc1 Rxc1+ 26. Bxc1 Qc8 27. Bd2 Qc6 28.
Ne1 Qa4 29. Qc2 Qxc2 30. Nxc2 Nc6 31. Kf1 Bg5 32. Ke2 Kf8 33. Nd3 Bd8 34. Bc3
Ke8 35. Nf4 Bg5 36. Nd3 Bd8 37. Kf3 Kd7 38. Ne3 Ne7 39. a4 Kc6 40. g3 Nc8 41.
Nf4 Ne7 42. Nxe6 fxe6 43. g4 fxg4+ 44. Kxg4 Kd7 45. f4 Ke8 46. f5 exf5+ 47. Nxf5
Kf7 48. Nxe7 Kxe7 49. Kf5 b5 50. axb5 axb5 51. Be1 Bb6 52. Bf2 Bc7 53. Bh4+ Kf7
54. e6+ Ke8 55. Be1 Bd6 56. Kg6 Kf8 57. Bd2 Be7 58. Kf5 Bd6 59. Bf4 Bxb4 60. Ke5
Bc3 61. Kxd5 b4 62. Bd6+ Ke8 63. Kc4 Bd2 64. Bxb4 Bf4 65. d5 Kd8 66. d6 Kc8 67.
Kd5 g6 68. hxg6 Kb7 1-0

[Event "exe Slovakia Open 2025"]
[Site "Bratislava SVK"]
[Date "2025.09.15"]
[Round "3.51"]
[White "Benci, Jozef"]
[Black "Fudala, Dominik"]
[Result "0-1"]
[WhiteElo "1960"]
[BlackElo "1829"]
[WhiteFideId "14967596"]
[BlackFideId "1189298"]
[EventDate "2025.09.13"]

1. e4 e6 2. d4 d5 3. e5 c5 4. c3 Nc6 5. Nf3 Qb6 6. Bd3 cxd4 7. O-O Bd7 8. Re1
Nge7 9. h4 a6 10. a3 Rc8 11. h5 h6 12. Nbd2 dxc3 13. bxc3 Na5 14. Rb1 Qc7 15. c4
Nxc4 16. Bxc4 dxc4 17. Ne4 Nd5 18. Nh4 b5 19. Nf5 Qd8 20. Ned6+ Bxd6 21. Nxd6+
Kf8 22. Qf3 Be8 23. Nxc8 Qxc8 24. Bd2 Bc6 25. Qg3 Kg8 26. f4 Kh7 0-1

[Event "exe Slovakia Open 2025"]
[Site "Bratislava SVK"]
[Date "2025.09.15"]
[Round "3.52"]
[White "Albu, Vlad"]
[Black "Deak, Gabriel"]
[Result "1-0"]
[WhiteElo "1815"]
[BlackElo "1956"]
[WhiteFideId "13909622"]
[BlackFideId "14906295"]
[EventDate "2025.09.13"]

1. e4 Nc6 2. Nf3 f5 3. exf5 d5 4. Bb5 Bxf5 5. O-O e6 6. Nd4 Ne7 7. Re1 Kf7 8.
Nf3 Ng6 9. Bxc6 bxc6 10. d3 Be7 11. h3 h5 12. Nc3 c5 13. b3 Bf6 14. Bb2 Rb8 15.
d4 c4 16. Ne2 h4 17. Qd2 Be4 18. Qe3 c5 19. Ba3 Ne7 20. Bxc5 Nf5 21. Qc3 Qc7 22.
b4 g5 23. Ne5+ Bxe5 24. dxe5 g4 25. hxg4 Rbg8 26. f3 d4 27. Nxd4 Nxd4 28. Qxd4
Bd5 29. Kh2 Ke8 30. Kh3 Qc6 31. Qe3 Rh7 32. a4 Rf7 33. Rf1 a6 34. b5 Qa8 35.
bxa6 Qxa6 36. a5 Rb7 37. Rfb1 Rgg7 38. Rb6 Rxb6 39. Bxb6 Rf7 40. c3 Qa8 41. Rf1
Qb7 42. Rf2 Qa8 43. f4 Qc8 44. Qc5 Qb7 45. Qb5+ Rd7 46. a6 Qa8 47. Bd4 Bxg2+ 48.
Kh2 Bc6 49. Qxc4 Bd5 50. Qd3 Rg7 51. g5 Qc6 52. a7 Qa4 53. Rb2 Qa1 54. Qb1 Qa6
55. f5 Rb7 56. a8=Q+ Qxa8 57. Rxb7 Bxb7 58. fxe6 Ke7 59. Qb4+ Kxe6 60. Qd6+ Kf5
61. Qf6+ Kg4 62. Qe6+ Kf3 63. Qf5+ Ke2 64. Qf2+ Kd3 65. g6 Bd5 66. g7 Qg8 67.
Qf1+ Kc2 68. Qe2+ Kb3 69. c4 Bxc4 70. Qb2+ Ka4 71. Qb7 Bd5 72. Qe7 Kb3 73. Qf6
Kc4 74. Be3 Kd3 75. Bg5 Kc4 76. Qf4+ Kb5 77. Bf6 Qh7 78. Qxh4 Qc2+ 79. Kg3 Qg6+
80. Qg5 Qd3+ 81. Kh4 Qh7+ 82. Qh5 Qe4+ 83. Qg4 Qh7+ 84. Kg5 Qg8 85. Qd7+ Kc4 86.
Qc7+ Kd3 87. Qd6 Ke4 88. Qb4+ Kf3 89. Qf4+ Ke2 90. Qh2+ Kf3 91. Qh3+ Ke4 92.
Qg4+ Kd3 93. Qb4 Bc4 94. Qf8 Qh7 95. e6 Bxe6 96. Qd6+ Kc2 97. Qxe6 1-0

[Event "exe Slovakia Open 2025"]
[Site "Bratislava SVK"]
[Date "2025.09.15"]
[Round "3.53"]
[White "Orlov, Konstantin"]
[Black "Livnansky, Michal"]
[Result "0-1"]
[WhiteElo "1785"]
[BlackElo "1912"]
[WhiteFideId "1681575"]
[BlackFideId "73622885"]
[EventDate "2025.09.13"]

1. d4 Nf6 2. c4 c5 3. d5 b5 4. cxb5 a6 5. bxa6 Bxa6 6. Nc3 d6 7. e4 Bxf1 8. Kxf1
g6 9. g3 Bg7 10. Kg2 O-O 11. Nf3 Nbd7 12. Qe2 Qc7 13. Nb5 Qb6 14. a4 Rfb8 15.
Bd2 Ne8 16. Bc3 Nc7 17. Nxc7 Qxc7 18. Bxg7 Kxg7 19. Rhe1 Rb4 20. a5 Nf6 21. e5
Nxd5 22. e6 f5 23. Qd2 Nf6 24. Ng5 Qb7+ 25. Kg1 Rxb2 26. Qc1 Rb5 27. Nf7 Raxa5
28. Qh6+ Kg8 29. Rad1 Ra8 30. Ng5 Qb8 31. Nf7 Rb2 32. Qg5 Qf8 33. Nh6+ Kh8 34.
Nf7+ Kg7 35. Qh6+ Kg8 36. Qc1 Raa2 37. Qg5 Rxf2 38. Rxd6 Rg2+ 39. Kh1 Rxh2+ 40.
Kg1 Rh5 0-1

[Event "exe Slovakia Open 2025"]
[Site "Bratislava SVK"]
[Date "2025.09.15"]
[Round "3.54"]
[White "Janovicek, Lukas"]
[Black "Korenova, Simona"]
[Result "1/2-1/2"]
[WhiteElo "1836"]
[BlackElo "1905"]
[WhiteFideId "14975831"]
[BlackFideId "14941813"]
[EventDate "2025.09.13"]

1. e4 c5 2. Nf3 d6 3. Bb5+ Bd7 4. Bxd7+ Qxd7 5. O-O Nf6 6. Re1 Nc6 7. c3 e6 8.
d4 cxd4 9. cxd4 d5 10. e5 Ne4 11. a3 a5 12. Nbd2 Nxd2 13. Bxd2 Be7 14. Rc1 O-O
15. h4 b5 16. h5 f6 17. h6 g6 18. exf6 Bxf6 19. Bf4 Rac8 20. Qd2 a4 21. Qe3 Rfe8
22. Ne5 Nxe5 23. Bxe5 Bxe5 24. Qxe5 Rc4 25. Rxc4 bxc4 26. f4 Rf8 27. g4 Qe7 28.
Kg2 Rf7 29. Kg3 Qc7 30. Qe3 1/2-1/2

[Event "exe Slovakia Open 2025"]
[Site "Bratislava SVK"]
[Date "2025.09.15"]
[Round "3.55"]
[White "Vasko, Matej"]
[Black "Donauer Daniel"]
[Result "0-1"]
[WhiteElo "1926"]
[BlackElo "1812"]
[WhiteFideId "14969360"]
[BlackFideId "1365754"]
[EventDate "2025.09.13"]

1. d4 d5 2. Bf4 c6 3. e3 Qb6 4. b3 Bf5 5. Nf3 Nf6 6. Be2 e6 7. O-O Be7 8. Nbd2
O-O 9. Nh4 Be4 10. f3 Bg6 11. c4 Nbd7 12. c5 Qd8 13. Nxg6 hxg6 14. g4 Nh7 15.
Bd3 e5 16. Bxe5 Nxe5 17. dxe5 Bxc5 18. Re1 Qg5 19. Nf1 Qxe5 20. Kg2 Nf6 21. f4
Qe6 22. g5 Ne4 23. Qf3 Rae8 24. h4 f5 25. Re2 Kf7 26. Bxe4 Qxe4 27. Qxe4 Rxe4
28. Rae1 Rfe8 29. Kf3 d4 30. exd4 Rxe2 31. Rxe2 Rxe2 32. Kxe2 Bxd4 33. Nd2 b5
34. Nf3 Ba1 35. Kd3 c5 36. b4 c4+ 37. Kc2 Ke6 38. Kd2 Kd5 39. Ke3 Bc3 40. a3 Bb2
41. Ne1 Bxa3 42. Nc2 Bc1+ 43. Kf3 c3 0-1

[Event "exe Slovakia Open 2025"]
[Site "Bratislava SVK"]
[Date "2025.09.15"]
[Round "3.56"]
[White "Kucera, Michal"]
[Black "Kopia, Julian"]
[Result "1/2-1/2"]
[WhiteElo "1900"]
[BlackElo "1800"]
[WhiteFideId "14910519"]
[BlackFideId "41806417"]
[EventDate "2025.09.13"]

1. e4 c5 2. Nf3 Nc6 3. d4 cxd4 4. Nxd4 Qb6 5. Nb3 Nf6 6. Nc3 e6 7. Be3 Qc7 8.
Be2 Bb4 9. f3 a6 10. O-O O-O 11. Bd3 Be7 12. f4 d6 13. a3 b5 14. Qe2 Rb8 15.
Rae1 Bd7 16. Bf2 g6 17. Be3 Kh8 18. f5 Ne5 19. h3 Nxd3 20. cxd3 b4 21. axb4 Rxb4
22. Nd4 Qb7 23. Nd1 e5 24. Nf3 Bb5 25. Bh6 Rxe4 26. Qd2 Rxe1 27. Nxe1 Rg8 28.
Nc3 Bc6 29. Bg5 Qb6+ 30. Kh2 Qd8 31. Bxf6+ Bxf6 32. Ne4 gxf5 33. Rxf5 Bxe4 34.
dxe4 Bg5 35. Qd5 Bf4+ 36. Kh1 Qh4 37. Nd3 f6 38. Nxf4 Qe1+ 39. Kh2 exf4 40. Qd3
Qg3+ 41. Qxg3 fxg3+ 42. Kg1 Re8 43. Rxf6 Rxe4 44. Kf1 Rd4 45. Rf8+ Kg7 46. Rf3
Rd2 47. Rxg3+ Kf6 1/2-1/2

[Event "exe Slovakia Open 2025"]
[Site "Bratislava SVK"]
[Date "2025.09.15"]
[Round "3.57"]
[White "Antal, Jozsef"]
[Black "Buday, Alexander"]
[Result "1-0"]
[WhiteElo "1868"]
[BlackElo "1595"]
[WhiteFideId "710270"]
[BlackFideId "14971666"]
[EventDate "2025.09.13"]

1. e4 c5 2. Nc3 d6 3. g3 Nc6 4. Bg2 g6 5. d3 Bg7 6. f4 e6 7. Nf3 Nge7 8. O-O O-O
9. Be3 Nd4 10. Rb1 Nec6 11. Ne2 b6 12. c3 Nxe2+ 13. Qxe2 Bb7 14. Rfd1 Qc7 15. d4
Ne7 16. Bf2 Rfd8 17. Rd2 Rd7 18. Rbd1 Rad8 19. h3 h6 20. g4 f5 21. exf5 exf5 22.
Qe6+ Kh8 23. Nh4 Bxg2 24. Kxg2 fxg4 25. hxg4 Kh7 26. Nf3 c4 27. Ng5+ hxg5 28.
Rh1+ Bh6 29. Qf7+ 1-0

[Event "exe Slovakia Open 2025"]
[Site "Bratislava SVK"]
[Date "2025.09.15"]
[Round "3.58"]
[White "Thornley, Oliver"]
[Black "Havalda, Samuel"]
[Result "1-0"]
[WhiteElo "1731"]
[BlackElo "1963"]
[WhiteFideId "445916"]
[BlackFideId "14955490"]
[EventDate "2025.09.13"]

1. e4 e5 2. f4 Nf6 3. Nc3 d5 4. exd5 e4 5. d3 Bb4 6. Bd2 e3 7. Bxe3 Qe7 8. Qe2
Bg4 9. Nf3 Bxf3 10. Qxf3 Nxd5 11. Kd2 Qxe3+ 12. Qxe3+ Nxe3 13. Re1 Bc5 14. Nd5
O-O 15. Nxe3 Nd7 16. c3 Bxe3+ 17. Rxe3 Rfe8 18. Rxe8+ Rxe8 19. d4 Nf6 20. Bd3
Kf8 21. Re1 Rxe1 22. Kxe1 Ke7 23. Ke2 b6 24. Kf3 a5 25. g4 g6 26. g5 Ne8 27. f5
Nd6 28. f6+ Ke6 29. Kf4 Kd5 30. Bc2 c5 31. dxc5 Kxc5 32. Bb3 b5 33. a3 a4 34.
Ba2 Nc4 35. Ke4 Nd6+ 36. Kd3 Nc4 37. b4+ axb3 38. Bxb3 Ne5+ 39. Ke4 Nc4 40. Ba2
Nd2+ 41. Ke5 Nc4+ 42. Bxc4 Kxc4 43. Kd6 1-0

[Event "exe Slovakia Open 2025"]
[Site "Bratislava SVK"]
[Date "2025.09.15"]
[Round "3.59"]
[White "Petrik, Matus"]
[Black "Bednar, Daniel"]
[Result "1/2-1/2"]
[WhiteElo "1902"]
[BlackElo "1764"]
[WhiteFideId "266400"]
[BlackFideId "14989620"]
[EventDate "2025.09.13"]

1. e4 c6 2. d4 d5 3. e5 Bf5 4. h4 h5 5. Nf3 e6 6. Bg5 Be7 7. Bd3 Bxd3 8. Qxd3
Nh6 9. Nc3 Nf5 10. O-O-O Nd7 11. Rh3 c5 12. Bxe7 Qxe7 13. Nxd5 exd5 14. Qxf5 c4
15. Qg5 Qxg5+ 16. Nxg5 O-O 17. Rg3 Rae8 18. Nh3 f6 19. e6 Rxe6 20. Nf4 Re4 21.
Nxd5 Rfe8 22. Ne3 Rxh4 23. Rxg7+ Kxg7 24. Nf5+ Kf7 25. Nxh4 Re2 26. Rf1 Re4 27.
Nf3 Nb6 28. Re1 Rg4 29. g3 Nd5 30. c3 b5 31. Nd2 h4 32. Re4 Rxe4 33. Nxe4 h3 34.
f3 Ne3 35. Nf2 h2 36. Nh1 Ke6 37. Kd2 Nd5 38. Kc2 1/2-1/2

[Event "exe Slovakia Open 2025"]
[Site "Bratislava SVK"]
[Date "2025.09.15"]
[Round "3.60"]
[White "Pisarcik, Richard"]
[Black "Macakova, Bianka"]
[Result "1/2-1/2"]
[WhiteElo "1922"]
[BlackElo "1637"]
[WhiteFideId "14967499"]
[BlackFideId "14982846"]
[EventDate "2025.09.13"]

1. e4 c5 2. Nf3 Nc6 3. d4 cxd4 4. Nxd4 g6 5. c4 Bg7 6. Be3 Nf6 7. Nc3 O-O 8. Be2
d6 9. Qd2 Bd7 10. f3 Rc8 11. O-O Nxd4 12. Bxd4 b6 13. Rac1 Bc6 14. Kh1 Nd7 15.
Bxg7 Kxg7 16. f4 Nc5 17. Qd4+ Kg8 18. Rcd1 Qc7 19. b4 Na4 20. Nd5 Bxd5 21. exd5
b5 22. cxb5 Nc3 23. Rde1 Nxe2 24. Rxe2 Rfe8 25. f5 Qc4 26. Qd2 Qc3 27. fxg6 hxg6
28. Qh6 Qg7 29. Qe3 Ra8 30. Ref2 e6 31. Rxf7 Qxf7 32. Rxf7 Kxf7 33. Qf3+ Ke7 34.
dxe6 Rf8 35. Qb7+ Kxe6 36. h3 d5 37. Qc6+ Ke5 38. Qc5 Ke4 39. Qc2+ Ke3 40. Qc3+
Ke4 41. Qe1+ Kd3 42. Qd1+ Ke4 43. Qe2+ Kd4 44. Qd2+ Ke4 45. a4 d4 46. Qe2+ Kd5
47. a5 Rab8 48. Qa2+ Ke4 49. Qe6+ Kd3 50. Qxg6+ Kc3 51. Qc6+ Kd2 52. Qh6+ Ke2
53. Qh5+ Kd2 54. Qg5+ Ke2 55. Qg4+ Ke3 56. Qg5+ Kd3 57. h4 Ra8 58. Kh2 Ke2 59.
Qg4+ Ke3 60. Qg5+ Ke2 61. Qe5+ Kd3 62. b6 axb6 63. a6 Kc3 64. Qc7+ Kxb4 65.
Qxb6+ Kc4 66. Qc6+ Kd3 67. Qb5+ Kd2 1/2-1/2

[Event "exe Slovakia Open 2025"]
[Site "Bratislava SVK"]
[Date "2025.09.15"]
[Round "3.61"]
[White "Mattinson, Kai"]
[Black "Dubnicka, Ferdinand"]
[Result "1-0"]
[WhiteElo "1882"]
[BlackElo "1533"]
[WhiteFideId "343401562"]
[BlackFideId "14944057"]
[EventDate "2025.09.13"]

1. e4 g6 2. d4 Bg7 3. f4 e6 4. Nf3 b6 5. Be2 Bb7 6. Nbd2 Nf6 7. e5 Nd5 8. Nb3
O-O 9. O-O Ne7 10. c4 Na6 11. Be3 Nf5 12. Qd2 Rc8 13. Rad1 d5 14. c5 bxc5 15.
dxc5 c6 16. Bd4 Nb8 17. g4 Nxd4 18. Nbxd4 Ba6 19. Bxa6 Nxa6 20. Rc1 Rb8 21. Nxc6
Qc7 22. Nxb8 Rxb8 23. Rc2 Qc6 24. Nd4 Qa4 25. b3 Qa3 26. Rfc1 Nb4 27. c6 Nxc2
28. Qxc2 a6 29. c7 Rc8 30. Qc5 Qb2 31. Rc2 Qb1+ 32. Kg2 Bf8 33. Qc3 Qd1 34. Nf3
a5 35. Rd2 Bb4 36. Qxb4 Qxf3+ 37. Kxf3 axb4 38. Rd4 Rxc7 39. Rxb4 Rc2 40. a4
Rxh2 41. a5 Ra2 42. Ra4 Rb2 43. b4 Rb3+ 44. Ke2 Rc3 45. a6 Rc8 46. a7 Ra8 47. b5
h5 48. b6 h4 49. b7 Rf8 50. b8=Q h3 51. Qxf8+ Kxf8 52. a8=Q+ Kg7 53. Ra3 1-0